000 00466nam a2200181Ia 4500
008 170203s9999 xx 000 0 und d
020 _a0 717205185
050 _a0 30
050 _bT374 1987
245 4 _aThe new book of knowledge /
260 _aDanbury, Connecticut :
260 _bGrolier Incorporated.
260 _c1987
300 _a516 pages :
300 _bcolor illustrations ;
300 _c27 cm.
650 _aEncyclopedias and dictionaries.
999 _c305862
_d305862